00658nam a2200193Ia 4500001000700000008004100007010001100048082001400059100006100073245009200134260006500226300001100291440002400302500000500326503000500331650002700336650001600363650008500379Z_2764220113s1989 xx 000 0 und d a165823 a636.08 C3 aCanada. Department of Agriculture Animal Research Centre aAnimal breeding : recent advances and future prospects /cby Department of Agriculture aOntario, Canadá :bMinister and Supply and Service,c1989 a112 p. aPublication ; 1824e a a aAnimales domésticos  aAvicultura  aGanadería I. Symposium Genetics in Agriculture (1983 : Ontario, Canada) II. t.